|
|
|
|
| LEADER |
01526nam a2200409Ia 4500 |
| 001 |
EBC235242 |
| 003 |
MiAaPQ |
| 005 |
20200520144314.0 |
| 006 |
m o d | |
| 007 |
cr cn||||||||| |
| 008 |
911114s1992 enka sb 001 0 eng d |
| 010 |
|
|
|z 91041474
|
| 020 |
|
|
|z 0203992512
|
| 020 |
|
|
|z 0415063388
|
| 020 |
|
|
|z 0415063396 (pbk)
|
| 035 |
|
|
|a (MiAaPQ)EBC235242
|
| 035 |
|
|
|a (Au-PeEL)EBL235242
|
| 035 |
|
|
|a (CaPaEBR)ebr10100233
|
| 035 |
|
|
|a (CaONFJC)MIL14500
|
| 035 |
|
|
|a (OCoLC)936904108
|
| 040 |
|
|
|a MiAaPQ
|c MiAaPQ
|d MiAaPQ
|
| 050 |
|
4 |
|a HC241.2
|b .L33 1992
|
| 100 |
1 |
|
|a Laffan, Brigid.
|
| 245 |
1 |
0 |
|a Integration and co-operation in Europe
|h [electronic resource] /
|c Brigid Laffan.
|
| 260 |
|
|
|a London ;
|a New York :
|b Routledge,
|c 1992.
|
| 300 |
|
|
|a xv, 235 p. :
|b ill.
|
| 490 |
1 |
|
|a The Routledge/University Association for Contemporary European Studies series
|
| 504 |
|
|
|a Includes bibliographical references and index.
|
| 533 |
|
|
|a Electronic reproduction. Ann Arbor, MI : ProQuest, 2015. Available via World Wide Web. Access may be limited to ProQuest affiliated libraries.
|
| 610 |
2 |
0 |
|a European Economic Community.
|
| 650 |
|
0 |
|a Europe 1992.
|
| 650 |
|
0 |
|a World politics
|y 1989-
|
| 651 |
|
0 |
|a Europe
|x Economic integration.
|
| 655 |
|
4 |
|a Electronic books.
|
| 710 |
2 |
|
|a ProQuest (Firm)
|
| 830 |
|
0 |
|a Routledge/University Association for Contemporary European Studies series.
|
| 856 |
4 |
0 |
|u https://ebookcentral.proquest.com/lib/matrademy/detail.action?docID=235242
|z Click to View
|